Target of destiny / (Record no. 2478)

MARC details
000 -LEADER
fixed length control field 00826nam a22002177a 4500
005 - DATE AND TIME OF LATEST TRANSACTION
control field 20260128085630.0
008 - FIXED-LENGTH DATA ELEMENTS--GENERAL INFORMATION
fixed length control field 260128b |||||||| |||| 00| 0 eng d
020 ## - INTERNATIONAL STANDARD BOOK NUMBER
International Standard Book Number 978-971-27-3701-5
082 ## - DEWEY DECIMAL CLASSIFICATION NUMBER
Classification number Fic. C543 2021
100 ## - MAIN ENTRY--PERSONAL NAME
Personal name Chixnita
9 (RLIN) 122
245 ## - TITLE STATEMENT
Title Target of destiny /
Statement of responsibility, etc. Chixnita
260 ## - PUBLICATION, DISTRIBUTION, ETC.
Place of publication, distribution, etc. Mandaluyong City:
Name of publisher, distributor, etc. Anvil Publishing,
Date of publication, distribution, etc. c2021
300 ## - PHYSICAL DESCRIPTION
Extent 3p([766])p.
Other physical details ill.
500 ## - GENERAL NOTE
General note Contents: p.1. Chapter 1 - Chapter 14. p.2. Chapter 15 - Chapter 30. p.3. Chapter 31 - Special chapter 2.
541 ## - IMMEDIATE SOURCE OF ACQUISITION NOTE
Accession number 7855 p.1., 7856 p.2., 7857 p.3.
650 ## - SUBJECT ADDED ENTRY--TOPICAL TERM
Topical term or geographic name entry element Romance fiction, Filipino
9 (RLIN) 115
650 ## - SUBJECT ADDED ENTRY--TOPICAL TERM
Topical term or geographic name entry element Man - woman relationship - Fiction, Filipino
9 (RLIN) 116
650 ## - SUBJECT ADDED ENTRY--TOPICAL TERM
Topical term or geographic name entry element Arranged marriage - Fiction, Filipino
9 (RLIN) 123
650 ## - SUBJECT ADDED ENTRY--TOPICAL TERM
Topical term or geographic name entry element Love triangle - Fiction, Filipino
9 (RLIN) 120
650 ## - SUBJECT ADDED ENTRY--TOPICAL TERM
Topical term or geographic name entry element Fate and fatalism - Fiction, Filipino
9 (RLIN) 124
Holdings
Withdrawn status Lost status Source of classification or shelving scheme Damaged status Not for loan Home library Current library Date acquired Total Checkouts Full call number Barcode Date last seen Date last checked out Copy number Price effective from Koha item type
    Dewey Decimal Classification     ctu-moalboal ctu-moalboal 05/27/2024 1 Fic. C543 2021 7855 03/31/2026 03/31/2026 p.1 01/28/2026 Books-Fiction
    Dewey Decimal Classification     ctu-moalboal ctu-moalboal 05/27/2024   Fic. C543 2021 7856 01/28/2026   p.2 01/28/2026 Books-Fiction
    Dewey Decimal Classification     ctu-moalboal ctu-moalboal 05/27/2024   Fic. C543 2021 7857 01/28/2026   p.3 01/28/2026 Books-Fiction